|
|
|
|
| LEADER |
00938nam a2200265 4500 |
| 001 |
DLU210196092 |
| 005 |
##20210416 |
| 040 |
# |
# |
|a DLU
|b vie
|
| 041 |
# |
# |
|a vie
|
| 044 |
# |
# |
|a vn
|
| 100 |
# |
# |
|a Nguyễn Ngọc Mạnh.
|
| 245 |
# |
# |
|a Xu hướng bình thường hóa chính sách tiền tệ sau khủng hoảng tài chính toàn cầu 2008-2009 /
|c Nguyễn Ngọc Mạnh, Tô Hiến Thà.
|
| 653 |
# |
# |
|a Bình thường hóa
|
| 653 |
# |
# |
|a Chính sách tiền tệ
|
| 653 |
# |
# |
|a Ngân hàng trung ương
|
| 700 |
# |
# |
|a Tô Hiến Thà.
|
| 773 |
# |
# |
|t Châu Mỹ ngày nay
|g Số 5(242), 2018, tr. 3-11
|
| 920 |
# |
# |
|a Phòng Tạp chí -- Trung tâm Thông tin - Thư viện Trường Đại học Đà Lạt
|
| 900 |
# |
# |
|a True
|
| 911 |
# |
# |
|a Nguyễn Thị Thu Phương
|
| 925 |
# |
# |
|a G
|
| 926 |
# |
# |
|a A
|
| 927 |
# |
# |
|a BB
|
| 980 |
# |
# |
|a Thư viện Trường Đại học Đà Lạt
|